Rap FR : Culture générale - Statistiques

Statistiques générales
  • Ce quiz a été pris 782 fois
    723 depuis la dernière actualisation
  • Le résultat moyen est 4 sur 10
Statistiques - réponses
Question Réponse % Correct
Quel rappeur n'est PAS de Marseille ? ASHE 22
81%
Quel rappeur n'a PAS vécu à Sevran ? SDM
71%
Quel rappeur a fait un feat avec Bernard Tapie ? Doc Gynéco
49%
Quel rappeur a le plus de singles de diamant ? NInho
49%
À quel rappeur appartenait la marque de vêtements "Distinct" Rohff
48%
Quel groupe de rap à sorti le morceau "La fièvre" ? NTM
47%
Quel est l'album le plus vendus de PNL ? (1 260 000 ventes en 2023) Dans La Légende
30%
PSO Thug est un duo composé de Leto et ... ? Aero
25%
Avec quel rappeur Booba n'a PAS feat ? Youssoupha
23%
Quel est le son le plus streamé de Kaaris sur Spotify ? (environ 60 000 000 de streams) Diarabi
16%
Aucun quiz correspondant
Distribution des résultats
% des personnes avec chaque résultat
Percentile par nombre de réponses
Votre historique - résultats
Vous n’avez pas pris ce quiz depuis la dernière actualisation